La femme celte (Record no. 9141)

MARC details
000 -LEADER
campo de control de longitud fija 00698nam a2200241 i 4500
001 - NÚMERO DE CONTROL
campo de control 9141
003 - IDENTIFICADOR DE NÚMERO DE CONTROL
campo de control ES-MaACL
005 - FECHA Y HORA DE LA ÚLTIMA TRANSACCIÓN
campo de control 20250807210142.0
007 - CAMPO FIJO DE DESCRIPCIÓN FÍSICA--INFORMACIÓN GENERAL
campo de control de longitud fija t|
008 - DATOS DE LONGITUD FIJA--INFORMACIÓN GENERAL
campo de control de longitud fija 930519s1992 fr ||||1| fre d
020 ## - NÚMERO INTERNACIONAL ESTÁNDAR DEL LIBRO
Número Internacional Estándar del Libro 2-228-88558-4
080 ## - NÚMERO DE LA CLASIFICACIÓN DECIMAL UNIVERSAL
Número de la Clasificación Decimal Universal 396(=916)
100 1# - ENTRADA PRINCIPAL--NOMBRE DE PERSONA
Nombre de persona Markale, Jean.
9 (RLIN) 76911
245 13 - MENCIÓN DEL TÍTULO
Título La femme celte
Resto del título : mythe et sociologie /
Mención de responsabilidad, etc. Jean Markale.
250 ## - MENCION DE EDICION
Mención de edición [3ª ed.].
260 ## - PUBLICACIÓN, DISTRIBUCIÓN, ETC.
Lugar de publicación, distribución, etc. París :
Nombre del editor, distribuidor, etc. Payot,
Fecha de publicación, distribución, etc. 1992.
300 ## - DESCRIPCIÓN FÍSICA
Extensión 380 p. ;
Dimensiones 19 cm.
490 1# - MENCIÓN DE SERIE
Mención de serie Petite Bibliothèque Payot. Documents
650 17 - PUNTO DE ACCESO ADICIONAL DE MATERIA--TÉRMINO DE MATERIA
Término de materia o nombre geográfico como elemento de entrada Mujeres celtas
Fuente del encabezamiento o término embne
9 (RLIN) 15327
830 0# - PUNTO DE ACCESO ADICIONAL DE SERIE-TÍTULO UNIFORME
Título uniforme Petite Bibliothèque Payot. Documents
9 (RLIN) 228025
852 ## - LOCALIZACIÓN
Ubicación ES-MaACL
Número de control de estantería L-16617
Sublocalización o colección R.121191
Holdings
Estatus retirado Estado de pérdida Estado de daño No para préstamo Biblioteca de origen Biblioteca actual Ubicación en estantería Fecha de adquisición Fuente de adquisición Total de préstamos Signatura topográfica completa Código de barras Visto por última vez Precio de reemplazo Tipo de ítem Koha
        Biblioteca del Ateneo de Madrid Biblioteca del Ateneo de Madrid Depósito 2 17/01/2008     L-16617 1009330 23/02/2023 23/02/2023 Libro impreso